Faculty of Law Library — Cairo University

Official Online Catalog

مبدأ عدم تسليم المجرمين في الجرائم السياسية : (Record no. 64247)

MARC details
000 -LEADER
fixed length control field 01222nam a2200313 i 4500
003 - CONTROL NUMBER IDENTIFIER
control field EG-GICUC
005 - DATE AND TIME OF LATEST TRANSACTION
control field 20260226010929.0
008 - FIXED-LENGTH DATA ELEMENTS--GENERAL INFORMATION
fixed length control field 260226s1993 mm ||||fr ||| 00| 0 ara d
040 ## - CATALOGING SOURCE
Original cataloging agency EG-GICUC
Transcribing agency EG-GICUC
Modifying agency EG-GICUC
Description conventions rda
Language of cataloging eng
041 0# - LANGUAGE CODE
Language code of text/sound track or separate title ara
082 04 - DEWEY DECIMAL CLASSIFICATION NUMBER
Edition number 21
Classification number 341.77
Item number إ ل . م
092 04 - LOCALLY ASSIGNED DEWEY CALL NUMBER (OCLC)
Edition number 21
099 ## - LOCAL FREE-TEXT CALL NUMBER (OCLC)
Classification number Law1 11 341.77 إ ل . م 1993
100 0# - MAIN ENTRY--PERSONAL NAME
Personal name إلهام محمد عاقل
Relator term مؤلف.
245 12 - TITLE STATEMENT
Title مبدأ عدم تسليم المجرمين في الجرائم السياسية :
Remainder of title دراسة مقارنة /
Statement of responsibility, etc. إلهام محمد عاقل .
250 ## - EDITION STATEMENT
Edition statement الطبعة الأولي
264 #0 - PRODUCTION, PUBLICATION, DISTRIBUTION, MANUFACTURE, AND COPYRIGHT NOTICE
Place of production, publication, distribution, manufacture مالطا :
Name of producer, publisher, distributor, manufacturer مركز دراسات العالم الإسلامي ,
Date of production, publication, distribution, manufacture, or copyright notice 1993 .
300 ## - PHYSICAL DESCRIPTION
Extent 384 صفحة ؛
Dimensions 30 سم.
336 ## - CONTENT TYPE
Content type term text
Source rda content
337 ## - MEDIA TYPE
Media type term Computer
Source rda media
338 ## - CARRIER TYPE
Carrier type term Online Resource
Source rda carrier
546 ## - LANGUAGE NOTE
Language note النص باللغة العربية مترجم من الانجليزية
650 04 - SUBJECT ADDED ENTRY--TOPICAL TERM
Topical term or geographic name entry element القانون الدولي العام
650 04 - SUBJECT ADDED ENTRY--TOPICAL TERM
Topical term or geographic name entry element القانون الدولي الجنائي
700 ## - ADDED ENTRY--PERSONAL NAME
Personal name صلاح الدين عامر
Relator term مقدم.
856 ## - ELECTRONIC LOCATION AND ACCESS
Uniform Resource Identifier <a href="https://fll.law.cu.edu.eg/fulltext/th/B11-07711.pdf">https://fll.law.cu.edu.eg/fulltext/th/B11-07711.pdf</a>
905 ## - Cataloger and Reviser Names
Cataloger Name: Logain Ashraf
942 ## - ADDED ENTRY ELEMENTS (KOHA)
Source of classification or shelving scheme Dewey Decimal Classification
Koha item type Books
Edition 21
Suppress in OPAC No
Holdings
Withdrawn status Lost status Source of classification or shelving scheme Damaged status Not for loan Collection Home library Current library Date acquired Source of acquisition Total checkouts Full call number Barcode Date last seen Copy number Price effective from Koha item type
    Dewey Decimal Classification   Not for loan القانون الدولي العام جــــامعة القــاهرة مكتبة كلية الحقوق - المبنى الرئيسي 26.02.2026 إهداء مكتبة الأستاذ الدكتور صلاح عامر   Law1 11 341.77 إ ل . م 1107711 1993 C1 B11-07711 26.02.2026 1 26.02.2026 Books
    Dewey Decimal Classification     القانون الدولي العام جــــامعة القــاهرة مكتبة كلية الحقوق - المبنى الرئيسي 08.04.2026 إهداء مكتبة الأستاذ الدكتور صلاح عامر   Law1 11 341.77 إ ل . م 1 ed - 1993 1107682 C2 B11-07682 08.04.2026 2 08.04.2026 Books

© All rights reserved — Faculty of Law, Cairo University